Levélben értesítsen engem!
A Göttingische Gelehrte Anzeige 1803. 67. számában recenzió jelent meg Czenk in Ungern címmel. A recenzió szerzője August Schlözer professzor, a kelet-európai történelem és politika szakértője volt. A recenzált könyv pedig a három kötetes Catalogus Bibliothecae Hungaricae Francisci com. Széchényi, m...
Elmentve itt :
| Szerző: | |
|---|---|
| Dokumentumtípus: | Cikk |
| Megjelent: |
2014
|
| Sorozat: | Iskolakultúra
24 No. 6 |
| Online Access: | http://misc.bibl.u-szeged.hu/41849 |
| LEADER | 01281nab a2200181 i 4500 | ||
|---|---|---|---|
| 001 | misc41849 | ||
| 005 | 20191106140508.0 | ||
| 008 | 180706s2014 hu o 0|| zxx d | ||
| 022 | |a 1215-5233 | ||
| 040 | |a SZTE Miscellanea Repozitórium |b hun | ||
| 041 | |a zxx | ||
| 100 | 1 | |a Rab Irén | |
| 245 | 1 | 0 | |a Levélben értesítsen engem! |h [elektronikus dokumentum] / |c Rab Irén |
| 260 | |c 2014 | ||
| 300 | |a 129-131 | ||
| 490 | 0 | |a Iskolakultúra |v 24 No. 6 | |
| 520 | 3 | |a A Göttingische Gelehrte Anzeige 1803. 67. számában recenzió jelent meg Czenk in Ungern címmel. A recenzió szerzője August Schlözer professzor, a kelet-európai történelem és politika szakértője volt. A recenzált könyv pedig a három kötetes Catalogus Bibliothecae Hungaricae Francisci com. Széchényi, mely magyar szerzők és a magyarok dolgaival foglalkozó művek (Hungariam et Hungaros) katalógusát adja. Az első 2 kötet Sopronban jelent meg 1799-ben, a 3. kötet, az Index, Pesten 1800-ban. Schlözer melegen méltatta a könyv érdemeit: „So hat die Ungrische Nation zu einem so vollständigen Apparatu litterario Hoffnung, dessen gleichen sich wenig andere Nationen zu rühmen haben.” | |
| 856 | 4 | 0 | |u http://misc.bibl.u-szeged.hu/41849/1/EPA00011_iskolakultura_2014_06_129-131.pdf |z Dokumentum-elérés |